[Event "London e2e4 Diamond Jubilee op-B"]
[Site "London"]
[Date "2012.06.02"]
[Round "1"]
[White "Breed, Greg"]
[Black "Roper, Isabella"]
[Result "1-0"]
[WhiteElo "1663"]
[BlackElo "1310"]
[PlyCount "95"]
[EventDate "2012.06.02"]
[EventType "swiss"]
[EventRounds "7"]
[EventCountry "ENG"]
[SourceTitle "EXT 2014"]
[Source "ChessBase"]
[SourceDate "2013.11.20"]
[SourceVersion "1"]
[SourceVersionDate "2013.11.20"]
[SourceQuality "1"]

1. e4 e6 2. d4 d5 3. Nd2 c5 4. c3 Nc6 5. Ngf3 Qb6 6. Bd3 Bd7 7. exd5 exd5 8. 0-0 cxd4 9. cxd4 Nxd4 10. Nxd4 Qxd4 11. Re1+ Ne7 12. Nf3 Qg4 13. Qb3 Bc6 14. Be3 d4 15. h3 Qd7 16. Ne5 Qd5 17. Qxd5 Nxd5 18. Bxd4 Be7 19. Nxc6 bxc6 20. Bxg7 Rg8 21. Bd4 Nf4 22. Be4 Rc8 23. Kf1 c5 24. Be5 Ne6 25. Bxh7 Rg5 26. Bd3 c4 27. Bc2 Rc5 28. Bc3 Kf8 29. Re4 Rgf5 30. Rae1 Rc6 31. f3 Bd6 32. Rh4 Rd5 33. Be4 Bg3 34. Rh8+ Ke7 35. Bxd5 Bxe1 36. Kxe1 Rd6 37. Bb4 Nf4 38. Bxc4 Nxg2+ 39. Kf2 Nf4 40. Rh7 a5 41. Rxf7+ Ke8 42. Bxd6 Nxh3+ 43. Kg3 Ng5 44. Rg7 Kd8 45. Be7+ Kd7 46. Bxg5+ Ke8 47. Be6 a4 48. Rg8# 1-0